<The> Information Content of Financial Aggregates in Australia

Saved in:
Bibliographic Details
Main Author: Tallman, Ellis W.
Other Authors: Chandra, Naveen
Format: Book
Language:English
Published: Atlanta Federal Reserve Bank of Atlanta 1996
Edition:1. ed.
Series:Working Paper 96-14
Subjects:
Tags: Add Tag
No Tags, Be the first to tag this record!

MARC

LEADER 00000nam a2200000 4500
001 c019213
005 20221205125309.1
041 0 |a eng 
044 |a US 
245 1 0 |a <The> Information Content of Financial Aggregates in Australia  |c Ellis W. Tallman, Naveen Chandra 
250 |a 1. ed. 
264 1 |a Atlanta  |b Federal Reserve Bank of Atlanta  |c 1996 
300 |a 41 s. 
490 1 |a Working Paper  |v 96-14 
830 0 |a Working Paper  |v 96-14 
610 2 0 |a agregáty menové 
610 2 0 |a financie 
610 2 0 |a Austrália 
610 2 0 |a prognózy 
610 2 0 |a inflácia 
610 2 0 |a rast hospodársky 
610 2 0 |a štúdie prípadové 
100 1 |a Tallman, Ellis W. 
700 1 |a Chandra, Naveen